000 00741nam a2200265Ia 4500
003 OSt
005 20220924114524.0
006 a|||||r|||| 00| 0
007 ta
008 220923b |||||||| |||| 00| 0 ara d
020 _a9953446148
020 _c4320.00
024 _a273750
037 _cTextual
040 _aARTS
_cARTS
_bara
041 _2ara
_aara
082 _aV46,1w, 28P6.3
100 _aSallabi Ali Muhammad Muhammad Au.
_9174027
245 0 _aUsman bin Affan
260 _aBeirut
_bDar-el-marefah Lebanon
_c2006
300 _a474p.
_ccm.
650 _aARABIC LANGUAGE - HISTORY
942 _hV46,1w, 28P6.3
_cTEXL
_2CC
999 _c393994
_d393994